| 000 | 00000nam##2200000za#4500 |
| 001 | 9.639371 |
| 003 | CaOODSP |
| 005 | 20240209132625 |
| 007 | cr ||||||||||| |
| 008 | 150407|1999||||xxc|||||o f|0| 0 fre|d |
| 040 | |aCaOODSP|bfre |
| 043 | |an-cn--- |
| 086 | 1 |aC89-4/72-1999F-PDF |
| 110 | 2 |aAgence de promotion économique du Canada atlantique. |
| 245 | 10|aSources du financement par emprunt des petites et moyennes entreprises de la région de l'Atlantique / |h[ressource électronique]|cpar Theresa Shutt et Pierre Vanasse ; [publié par le] Conference Board du Canada. |
| 260 | |aOttawa - Ontario : |bAgence de promotion économique du Canada atlantique |cMars 1999. |
| 300 | |a43p.|bgraphiques, références, tableaux |
| 590 | |a11-29-Supp|b2011-11-25 |
| 691 | 07|aPetite entreprise|2gcpds |
| 691 | 07|aDette|2gcpds |
| 691 | 07|aPrêt hypothécaire|2gcpds |
| 691 | 07|aPrêt à l'entreprise|2gcpds |
| 710 | 2 |aConference Board du Canada. |
| 720 | 1 |aShutt, Theresa |
| 720 | 1 |aVanasse, Pierre |
| 775 | 08|tSources of SME business debt financing in Atlantic Canada / |w(CaOODSP)9.695225 |
| 776 | 0#|tSources du financement par emprunt des petites et moyennes entreprises de la région de l'Atlantique / |w(CaOODSP)9.681232 |
| 856 | 40|ahttp://publications.gc.ca|qPDF|s116 Ko|uhttps://publications.gc.ca/collections/Collection/C89-4-72-1999F.pdf |